|
|
|
|
| LEADER |
00000cam a2200000 7i4500 |
| 001 |
0000000070 |
| 005 |
20000717.0 |
| 020 |
0 |
0 |
|a 9834012616
|
| 090 |
0 |
0 |
|a 551.30207209595
|b TEW 1999
|
| 100 |
1 |
0 |
|a TEW
|h Kia Hui
|c 1971 -
|
| 245 |
1 |
0 |
|a Production of Malaysian soil erodibility nomograph in relation to soil erosion issues
|c Tew Kia Hui
|
| 260 |
0 |
0 |
|a Subang Jaya, Selangor :
|b VT Soil Erosion Research & Consultancy ,
|c 1999
|
| 300 |
|
|
|a xxii, 129 p. ;
|c 25 cm.
|
| 500 |
0 |
0 |
|a Bibliography: [p. 78-81]
|
| 650 |
0 |
0 |
|a Soil erosion
|x Research
|z Malaysia
|
| 999 |
|
|
|a 0000001296
|b Monograph
|c Open Shelf
|e Default branch
|